| 000 | 01175nam a22002297a 4500 | ||
|---|---|---|---|
| 003 | OSt | ||
| 005 | 20200921144656.0 | ||
| 008 | 200921s2003 xxu||||gr|||| 00| 0 spa d | ||
| 040 |
_aCO-JMCR _cCO-JMCR |
||
| 041 | 1 |
_aspa _heng |
|
| 082 | 0 | 4 |
_a321.8 / _bS531d _223 |
| 100 | 1 |
_a Sharp, Gene, _eautor _910590 |
|
| 245 | 1 | 6 |
_aDe la dictadura a la democracia : _bun sistema conceptual para la liberación / _cGene Sharp ; traducción al español por Caridad Inda |
| 260 |
_aEstados Unidos de América : _bLa institución Albert Einstein, _c2003. |
||
| 300 |
_a93 páginas ; _c21 cm. |
||
| 500 | _adatos biográficos del autor en tapa posterior. | ||
| 505 | 0 | _aEnfrentado a la realidad de las dictaduras. -- Los peligros de las negociaciones. -- ¿De dónde viene el poder? -- Las dictaduras tienen puntos débiles. -- Ejerciendo el poder. -- Necesidades de la planificación estratégica. -- Planificando la estrategia. -- aplicando el desafío político. -- Desintegrando la dictadura. -- Trabajo preliminar para una democracia duradera | |
| 650 | 2 | 4 |
_aDictadura _910591 |
| 650 | 2 | 4 |
_aDesobediencia civil _910592 |
| 650 | 2 | 4 |
_aRevoluciones _xFilosofía _910593 |
| 942 |
_2ddc _cBK |
||
| 999 |
_c6870 _d6870 |
||